Biggest Cities in Qatar on the Map - Statistics

General Stats
  • This quiz has been taken 517 times
  • The average score is 4 of 20
Answers on the Map
Answers color-coded by a green-red scale on the quiz's map according to % correct below.
 
Answer Stats
Pop City % Correct
1.18 m Doha
99%
8.8 k Lusail
36%
799 k Al Rayyan
34%
91.5 k Al Khor
27%
94.2 k Al Wakrah
25%
10.2 k Dukhan
16%
12.5 k Al Ruwais
15%
91.2 k Al Daayen / Al Kheesa
13%
134 k Al Wukair
13%
29.3 k Mesaieed
12%
42.6 k Al Dhakhira
10%
3.2 k Abu Samra
9%
67.1 k Al Shahaniya
9%
149 k Umm Salal Mohammed
9%
19.9 k Abu Nakhla
7%
6.4 k Al Kharrara
7%
74.5 k Rawdat Rashed
7%
3.3 k Al Nasraniya
5%
6.2 k Al Ghuwariyah
4%
3.3 k Al Karaana
2%
No matching quizzes found
Score Distribution
Percent of People with Each Score
Percentile by Number Answered
Your Score History
You have not taken this quiz